Tế bào học, mô học, phôi thai học

Sparad:
Bibliografiska uppgifter
Huvudupphovsman: Phạm Phan Địch
Materialtyp: Bok
Språk:Undetermined
Publicerad: Hà Nội Y học 1984
Ämnen:
Taggar: Lägg till en tagg
Inga taggar, Lägg till första taggen!
Thư viện lưu trữ: Trung tâm Học liệu Trường Đại học Cần Thơ
LEADER 00522nam a2200169Ia 4500
001 CTU_9110
008 210402s9999 xx 000 0 und d
082 |a 591.824 
082 |b Đ302 
100 |a Phạm Phan Địch 
245 0 |a Tế bào học, mô học, phôi thai học 
245 0 |c Phạm Phan Địch, Nguyễn Văn Ngọc, Đỗ Kính 
260 |a Hà Nội 
260 |b Y học 
260 |c 1984 
650 |a cells,histology,tissues 
980 |a Trung tâm Học liệu Trường Đại học Cần Thơ